[Event "European Blitz-ch 2018"]
[Site "Skopje"]
[Date "2018.12.07"]
[Round "18"]
[White "Markoja, Boris"]
[Black "Stevic, Hrvoje"]
[Result "0-1"]
[WhiteElo "2430"]
[BlackElo "2587"]
[Annotator "TA"]
[PlyCount "80"]
[EventDate "2018.12.06"]
[EventType "swiss"]
[EventCountry "MKD"]

1. Nf3 d5 2. c4 dxc4 3. Qa4+ Nc6 4. Qxc4 e5 5. d3 Nf6 6. g3 Bd6 7. Bg2 O-O 8. O-O Be6 9. Qc2 Qd7 10. Nc3 Bh3 11. Be3 Bxg2 12. Kxg2 Rfe8 13. Rac1 h6 14. Rfd1 Qe6 15. a3 Nd5 16. Nxd5 Qxd5 17. Qc4 Qe6 18. Qxe6 Rxe6 19. b4 a6 20. Rc4 Ne7 21. Rdc1 Nd5 22. Bc5 Rd8 23. Bxd6 cxd6 24. Nd2 Re7 25. Nb3 Nb6 26. Rc7 Rdd7 27. Rxd7 Rxd7 28. Na5 Kf8 29. e4 Ke7 30. Kf3 d5 31. Ke3 dxe4 32. dxe4 f6 33. f4 exf4+ 34. gxf4 g5 35. Nb3 Na4 36. fxg5 hxg5 37. Nd4 b5 38. Rc6 Nb2 39. Nf5+ Kf7 40. Nd6+ Rxd6 0-1

[Event "European Blitz-ch 2018"]
[Site "Skopje"]
[Date "2018.12.07"]
[Round "18"]
[White "Pershin, Denis"]
[Black "Perunovic, Miodrag"]
[Result "1-0"]
[WhiteElo "2400"]
[BlackElo "2436"]
[Annotator "TA"]
[PlyCount "43"]
[EventDate "2018.12.06"]
[EventType "swiss"]
[EventCountry "MKD"]

1. e4 c5 2. Nf3 g6 3. d4 cxd4 4. Nxd4 Nf6 5. Nc3 d6 6. Be3 Bg7 7. f3 O-O 8. Qd2 Nc6 9. O-O-O Bd7 10. h4 Rc8 11. Kb1 Ne5 12. g4 Qa5 13. g5 Nh5 14. Nd5 Qd8 15. Rg1 Nc4 16. Bxc4 Rxc4 17. f4 e6 18. Nc3 Nxf4 19. Nb3 Bxc3 20. bxc3 Nh5 21. Qxd6 Rxe4 22. Bc5 1-0

[Event "European Blitz-ch 2018"]
[Site "Skopje"]
[Date "2018.12.07"]
[Round "18"]
[White "Zlatanovic, Boroljub"]
[Black "Saric, Ante"]
[Result "1/2-1/2"]
[WhiteElo "2376"]
[BlackElo "2533"]
[Annotator "TA"]
[PlyCount "103"]
[EventDate "2018.12.06"]
[EventType "swiss"]
[EventCountry "MKD"]

1. Nc3 c5 2. e4 d6 3. Bb5+ Bd7 4. Bxd7+ Qxd7 5. f4 Nc6 6. d3 g6 7. b3 Bg7 8. Bb2 f5 9. Nf3 Nh6 10. O-O O-O 11. Qd2 Nd4 12. Rae1 Nf7 13. exf5 Nxf5 14. Nd1 Nd4 15. c3 Nxf3+ 16. Rxf3 e5 17. c4 exf4 18. Bxg7 Kxg7 19. Rxf4 Ne5 20. Ref1 Rxf4 21. Qxf4 Qe7 22. d4 Nc6 23. dxc5 dxc5 24. Nc3 Rf8 25. Qxf8+ Qxf8 26. Rxf8 Kxf8 27. Kf2 Kf7 28. Ke3 b6 29. Ke4 Ke6 30. Nd5 Kd6 31. Nf6 h6 32. Ng4 h5 33. Ne3 Nb4 34. a4 Nc6 35. Nd5 Na5 36. Nf4 g5 37. Nxh5 Nxb3 38. Nf6 Na5 39. Kd3 Ke5 40. Nd5 Nc6 41. Nc3 g4 42. h3 Kf4 43. Ne2+ Kg5 44. hxg4 Kxg4 45. Ke4 Nb4 46. Ke5 Nd3+ 47. Kd6 Nb2 48. Kc6 Nxa4 49. Kb7 Nb2 50. Kxa7 Nxc4 51. Ka6 Ne3 52. Kxb6 1/2-1/2

[Event "European Blitz-ch 2018"]
[Site "Skopje"]
[Date "2018.12.07"]
[Round "18"]
[White "Djuric, Stefan"]
[Black "Jankovic, Alojzije"]
[Result "1/2-1/2"]
[WhiteElo "2371"]
[BlackElo "2557"]
[PlyCount "64"]
[EventDate "2018.12.06"]
[EventType "swiss"]
[EventCountry "MKD"]

1. e4 c5 2. Nf3 Nc6 3. c3 Nf6 4. Bd3 d6 5. O-O g6 6. Re1 Bg4 7. h3 Bxf3 8. Qxf3 Bg7 9. Bb5 Nd7 10. Bxc6 bxc6 11. d3 O-O 12. Qd1 e5 13. Nd2 f5 14. Qb3+ Kh8 15. Nc4 Qc7 16. exf5 d5 17. f6 Rxf6 18. Ne3 h5 19. Bd2 Raf8 20. Re2 c4 21. dxc4 d4 22. cxd4 exd4 23. Nd1 Nc5 24. Qa3 Ne6 25. f3 Qg3 26. Nf2 Rxf3 27. Qxf3 Rxf3 28. Ne4 Qb8 29. gxf3 Qxb2 30. Rae1 Qxa2 31. Bh6 Qa3 32. Bxg7+ Kxg7 1/2-1/2

[Event "European Blitz-ch 2018"]
[Site "Skopje"]
[Date "2018.12.07"]
[Round "18"]
[White "Troyke, Christian"]
[Black "Beerdsen, Thomas"]
[Result "0-1"]
[WhiteElo "2347"]
[BlackElo "2477"]
[Annotator "TA"]
[PlyCount "88"]
[EventDate "2018.12.06"]
[EventType "swiss"]
[EventCountry "MKD"]

1. g3 Nf6 2. Bg2 e6 3. c4 d5 4. Nf3 Be7 5. O-O O-O 6. d4 dxc4 7. Nbd2 Bd7 8. Nxc4 Bc6 9. b3 a5 10. Bb2 Nbd7 11. a3 Qb8 12. Rc1 Rd8 13. Qe1 Qa7 14. Nfe5 Bxg2 15. Kxg2 Nxe5 16. Nxe5 c5 17. e3 a4 18. dxc5 axb3 19. Qb4 Rac8 20. Bd4 b2 21. Qxb2 Bxc5 22. Rxc5 Rxc5 23. Nd3 Rxd4 24. Qxd4 Qa8 25. Nxc5 b6+ 26. Kg1 bxc5 27. Qxc5 h5 28. Rc1 Kh7 29. h3 h4 30. g4 Qf3 31. Qc2+ g6 32. Kh2 Ne4 33. Kg1 Ng5 34. a4 Nxh3+ 35. Kf1 Ng5 36. Qc6 Ne4 37. Rc2 Qd1+ 38. Kg2 Qxg4+ 39. Kf1 h3 40. f3 Qxf3+ 41. Ke1 Qxe3+ 42. Kd1 Nf2+ 43. Rxf2 Qxf2 44. a5 h2 0-1

[Event "European Blitz-ch 2018"]
[Site "Skopje"]
[Date "2018.12.07"]
[Round "18"]
[White "Bartel, Michal"]
[Black "Demchenko, Anton"]
[Result "1/2-1/2"]
[WhiteElo "2306"]
[BlackElo "2679"]
[Annotator "TA"]
[PlyCount "43"]
[EventDate "2018.12.06"]
[EventType "swiss"]
[EventCountry "MKD"]

1. e4 c5 2. Ne2 Nf6 3. Nbc3 d6 4. d4 cxd4 5. Nxd4 Nc6 6. Nb3 e6 7. Bd3 Be7 8. O-O O-O 9. f4 a6 10. Qf3 Nb4 11. Kh1 Nd7 12. Bd2 b5 13. e5 Rb8 14. Bxh7+ Kxh7 15. Qh5+ Kg8 16. Rf3 f5 17. Rh3 dxe5 18. Qh8+ Kf7 19. Qh5+ Kg8 20. Qh8+ Kf7 21. Qh5+ Kg8 22. Qh8+ 1/2-1/2

[Event "European Blitz-ch 2018"]
[Site "Skopje"]
[Date "2018.12.07"]
[Round "18"]
[White "Robulj, Nenad"]
[Black "Jovanovic, Zoran"]
[Result "1/2-1/2"]
[WhiteElo "2286"]
[BlackElo "2518"]
[Annotator "TA"]
[PlyCount "121"]
[EventDate "2018.12.06"]
[EventType "swiss"]
[EventCountry "MKD"]

1. e4 d6 2. d4 Nf6 3. Nc3 e5 4. Nf3 Nbd7 5. h3 c6 6. a4 Be7 7. Bc4 O-O 8. O-O exd4 9. Nxd4 Ne5 10. Bb3 Re8 11. Re1 Ng6 12. Qf3 a5 13. Nf5 Bxf5 14. exf5 Ne5 15. Qf4 Ned7 16. Be3 d5 17. Rad1 Bc5 18. g4 h6 19. h4 Bxe3 20. Rxe3 Rxe3 21. fxe3 Qb8 22. Qxb8+ Rxb8 23. g5 hxg5 24. hxg5 Ng4 25. e4 Nc5 26. exd5 Ne3 27. Re1 Nxf5 28. Bc4 g6 29. dxc6 bxc6 30. Re5 Nd7 31. Rxa5 Rxb2 32. Bd3 Ne3 33. Ra8+ Kg7 34. a5 Nd5 35. Nxd5 cxd5 36. a6 Ne5 37. a7 Ra2 38. Re8 Ra1+ 39. Kg2 Nxd3 40. a8=Q Rxa8 41. Rxa8 Ne1+ 42. Kf2 Nxc2 43. Rd8 Nb4 44. Ke3 d4+ 45. Kd2 Nc6 46. Rd5 Kf8 47. Rd6 Ne5 48. Rd5 Nc6 49. Rc5 Nd8 50. Rc7 Ne6 51. Rc8+ Ke7 52. Kd3 Nxg5 53. Kxd4 Kf6 54. Ke3 Ne6 55. Rc6 Kf5 56. Rc8 g5 57. Kf3 f6 58. Rc1 Nd4+ 59. Ke3 Ne6 60. Rf1+ Ke5 61. Rc1 1/2-1/2

[Event "European Blitz-ch 2018"]
[Site "Skopje"]
[Date "2018.12.07"]
[Round "19"]
[White "Artemiev, Vladislav"]
[Black "Kalezic, Blazo"]
[Result "1-0"]
[WhiteElo "2709"]
[BlackElo "2460"]
[Annotator "TA"]
[PlyCount "43"]
[EventDate "2018.12.06"]
[EventType "swiss"]
[EventCountry "MKD"]

1. Nf3 d5 2. g3 Bg4 3. Bg2 Nd7 4. d4 e6 5. O-O Ngf6 6. Nbd2 Be7 7. Re1 O-O 8. e4 c6 9. c3 b5 10. Qb3 Rb8 11. a4 a6 12. axb5 axb5 13. Ra7 Re8 14. e5 Nh5 15. h3 Bxf3 16. Bxf3 g6 17. Bxh5 gxh5 18. Qd1 h4 19. Qh5 Nf8 20. Nf3 Ra8 21. Rb7 Ra1 22. Ng5 1-0

[Event "European Blitz-ch 2018"]
[Site "Skopje"]
[Date "2018.12.07"]
[Round "19"]
[White "Mamedov, Rauf"]
[Black "Lagarde, Maxime"]
[Result "1-0"]
[WhiteElo "2703"]
[BlackElo "2616"]
[Annotator "TA"]
[PlyCount "91"]
[EventDate "2018.12.06"]
[EventType "swiss"]
[EventCountry "MKD"]

1. e4 e6 2. d4 d5 3. Nd2 Be7 4. e5 c5 5. c3 Nc6 6. Bd3 Bd7 7. Qg4 Kf8 8. Ne2 h5 9. Qf3 cxd4 10. cxd4 Qb6 11. Nb3 a5 12. Nf4 Ke8 13. Nxh5 a4 14. Nxg7+ Kf8 15. Bg6 Nd8 16. Nc5 Bxc5 17. dxc5 Qb4+ 18. Bd2 Qxb2 19. Bc3 Qa3 20. O-O d4 21. Rac1 dxc3 22. Rxc3 Qb4 23. Nh5 Qh4 24. g3 Qh3 25. Rd3 Be8 26. Rfd1 Nc6 27. Re3 Rd8 28. Rd6 Rxd6 29. exd6 Nd4 30. Qd1 Nf5 31. Bxf5 Qxh5 32. Qd4 Qxh2+ 33. Kf1 Bb5+ 34. Bd3 Qh1+ 35. Ke2 Qh5+ 36. g4 Bxd3+ 37. Rxd3 Qg5 38. d7 Qd8 39. Qxh8 Ke7 40. Qh4+ Nf6 41. Rf3 Kxd7 42. Qxf6 Qa5 43. Qxf7+ Kc6 44. Qxe6+ Kb5 45. Qd7+ Kb4 46. Qd2+ 1-0

[Event "European Blitz-ch 2018"]
[Site "Skopje"]
[Date "2018.12.07"]
[Round "19"]
[White "Saric, Ivan"]
[Black "Santos Ruiz, Miguel"]
[Result "1-0"]
[WhiteElo "2695"]
[BlackElo "2523"]
[Annotator "TA"]
[PlyCount "71"]
[EventDate "2018.12.06"]
[EventType "swiss"]
[EventCountry "MKD"]

1. e4 c5 2. Nf3 d6 3. d4 cxd4 4. Nxd4 Nf6 5. Nc3 a6 6. h3 b5 7. a4 b4 8. Nd5 e6 9. Nxf6+ Qxf6 10. g4 Bb7 11. Bg2 Qd8 12. O-O Be7 13. f4 O-O 14. f5 e5 15. Nb3 Nd7 16. Be3 Rc8 17. Qd2 Nf6 18. g5 Nxe4 19. Qxb4 Bxg5 20. Bxg5 Qxg5 21. Qxb7 Qe3+ 22. Kh1 Ng3+ 23. Kh2 Nxf1+ 24. Rxf1 Rxc2 25. Na1 Rd2 26. Kh1 d5 27. Qxa6 Rxb2 28. Qc6 d4 29. f6 g6 30. a5 d3 31. a6 d2 32. Qd5 Qe2 33. a7 Ra2 34. Qxa2 d1=Q 35. a8=Q Qdxf1+ 36. Bxf1 1-0

[Event "European Blitz-ch 2018"]
[Site "Skopje"]
[Date "2018.12.07"]
[Round "19"]
[White "Ragger, Markus"]
[Black "Stocek, Jiri"]
[Result "1-0"]
[WhiteElo "2687"]
[BlackElo "2576"]
[Annotator "TA"]
[PlyCount "83"]
[EventDate "2018.12.06"]
[EventType "swiss"]
[EventCountry "MKD"]

1. e4 d6 2. d4 Nf6 3. Bd3 e5 4. c3 Be7 5. Ne2 O-O 6. O-O b6 7. Nd2 Ba6 8. Nf3 Bxd3 9. Qxd3 Nbd7 10. Ng3 c6 11. Rd1 Re8 12. h3 Bf8 13. a4 Qc7 14. Be3 d5 15. dxe5 Nxe5 16. Nxe5 dxe4 17. Nxe4 Qxe5 18. Nxf6+ Qxf6 19. a5 Rab8 20. Qa6 bxa5 21. Rd2 Re7 22. Qxa5 Reb7 23. Bd4 Qe6 24. b4 Qc4 25. Qa6 Qxa6 26. Rxa6 Rd8 27. Rxc6 g6 28. Kf1 Rbd7 29. Ke2 Bxb4 30. Be3 Rxd2+ 31. Bxd2 Ba5 32. Be3 Re8 33. c4 Bb4 34. c5 a5 35. Kd3 Rd8+ 36. Kc4 Kg7 37. Ra6 h5 38. c6 Rc8 39. Kb5 Kf6 40. c7+ Ke7 41. Kc6 Bd6 42. Bb6 1-0

[Event "European Blitz-ch 2018"]
[Site "Skopje"]
[Date "2018.12.07"]
[Round "19"]
[White "Guseinov, Gadir"]
[Black "Van Foreest, Jorden"]
[Result "0-1"]
[WhiteElo "2664"]
[BlackElo "2614"]
[Annotator "TA"]
[PlyCount "114"]
[EventDate "2018.12.06"]
[EventType "swiss"]
[EventCountry "MKD"]

1. e4 c6 2. d4 d5 3. Nd2 dxe4 4. Nxe4 Bf5 5. Ng3 Bg6 6. h4 h6 7. Nf3 e6 8. Ne5 Bh7 9. Bd3 Bxd3 10. Qxd3 Nd7 11. Bf4 Ngf6 12. O-O-O Be7 13. Ne4 Nxe4 14. Qxe4 Nf6 15. Qd3 Qd5 16. Kb1 Qe4 17. Qd2 Nd5 18. Bg3 O-O 19. f3 Qe3 20. c4 Qxd2 21. Rxd2 Nf6 22. Bf2 Rfd8 23. Rhd1 Nd7 24. Kc2 Kf8 25. a3 Rac8 26. Nd3 b5 27. b3 Nb6 28. Ne5 bxc4 29. bxc4 Bxa3 30. Ra1 Bb4 31. Rd3 a5 32. c5 Nd5 33. Rb3 f6 34. Nc4 Ra8 35. Nb2 Ne7 36. Nd3 Nd5 37. g3 Ke7 38. Nb2 g5 39. hxg5 hxg5 40. Nd3 Rh8 41. Rf1 Rh2 42. Kb1 a4 43. Rxb4 Nxb4 44. Nxb4 Rb8 45. Be1 a3 46. Bc3 Rxb4+ 47. Bxb4 Rb2+ 48. Ka1 Rxb4 49. Rd1 Rb3 50. f4 Rxg3 51. fxg5 fxg5 52. Ka2 g4 53. Rb1 Rd3 54. Rb6 g3 55. Rb7+ Kf6 56. Rb8 Kf5 57. Rc8 Rxd4 0-1

[Event "European Blitz-ch 2018"]
[Site "Skopje"]
[Date "2018.12.07"]
[Round "19"]
[White "Salgado Lopez, Ivan"]
[Black "Cheparinov, Ivan"]
[Result "0-1"]
[WhiteElo "2629"]
[BlackElo "2709"]
[Annotator "TA"]
[PlyCount "76"]
[EventDate "2018.12.06"]
[EventType "swiss"]
[EventCountry "MKD"]

1. e4 e5 2. Nc3 Nf6 3. g3 Bc5 4. Bg2 c6 5. d3 O-O 6. Nge2 d5 7. exd5 cxd5 8. O-O h6 9. d4 exd4 10. Nxd4 Bg4 11. Qd3 Bxd4 12. Qxd4 Nc6 13. Qd2 d4 14. Ne2 Re8 15. f3 Bf5 16. Nf4 Qb6 17. Kh1 Rad8 18. a3 Ne5 19. b3 d3 20. cxd3 Nxd3 21. Nxd3 Bxd3 22. Re1 Rxe1+ 23. Qxe1 Qxb3 24. Be3 Re8 25. Qf2 b6 26. Re1 Qxa3 27. Bd4 Rxe1+ 28. Qxe1 Qd6 29. Ba1 Qe6 30. Qc3 Qc4 31. Qe1 Qe6 32. Qc3 Qe2 33. h4 Qc2 34. Qe5 Qb1+ 35. Kh2 Bf1 36. Qb8+ Kh7 37. Bxf6 Bxg2 38. Bxg7 Qh1# 0-1

[Event "European Blitz-ch 2018"]
[Site "Skopje"]
[Date "2018.12.07"]
[Round "19"]
[White "Ivanisevic, Ivan"]
[Black "Damljanovic, Branko"]
[Result "1-0"]
[WhiteElo "2603"]
[BlackElo "2495"]
[Annotator "TA"]
[PlyCount "72"]
[EventDate "2018.12.06"]
[EventType "swiss"]
[EventCountry "MKD"]

1. d4 d6 2. e4 Nf6 3. f3 e5 4. Ne2 Nbd7 5. c4 h5 6. Be3 c6 7. Nbc3 Be7 8. Qd2 a6 9. Ng3 g6 10. Be2 h4 11. Nf1 b5 12. a3 bxc4 13. Bxc4 a5 14. Rc1 a4 15. Ne2 d5 16. exd5 cxd5 17. Bb5 O-O 18. Bh6 e4 19. Ne3 h3 20. O-O hxg2 21. Kxg2 exf3+ 22. Rxf3 Nb6 23. Bxf8 Bxf8 24. Rcf1 Ne4 25. Qd3 f5 26. Nf4 Kg7 27. Kh1 Bd6 28. Rg1 Bxf4 29. Rxf4 Be6 30. Rxf5 Bxf5 31. Nxf5+ Kf6 32. Qe3 Qh8 33. Nh6 Kg7 34. Rf1 Rf8 35. Ng4 Rxf1+ 36. Bxf1 Qh4 1-0

[Event "European Blitz-ch 2018"]
[Site "Skopje"]
[Date "2018.12.07"]
[Round "19"]
[White "Bartel, Mateusz"]
[Black "Kadric, Denis"]
[Result "1-0"]
[WhiteElo "2600"]
[BlackElo "2554"]
[Annotator "TA"]
[PlyCount "35"]
[EventDate "2018.12.06"]
[EventType "swiss"]
[EventCountry "MKD"]

1. e4 d6 2. d4 Nf6 3. Nc3 e5 4. Nf3 Nbd7 5. Rg1 g6 6. g4 Bg7 7. Be3 O-O 8. d5 Nc5 9. Nd2 a5 10. Qf3 c6 11. g5 Nfd7 12. O-O-O Qe7 13. Nc4 f5 14. dxc6 bxc6 15. exf5 gxf5 16. Qxc6 Ra6 17. Qd5+ Kh8 18. Nxd6 1-0

[Event "European Blitz-ch 2018"]
[Site "Skopje"]
[Date "2018.12.07"]
[Round "19"]
[White "Esipenko, Andrey"]
[Black "Saric, Ante"]
[Result "1-0"]
[WhiteElo "2593"]
[BlackElo "2533"]
[PlyCount "67"]
[EventDate "2018.12.06"]
[EventType "swiss"]
[EventCountry "MKD"]

1. d4 Nf6 2. Bf4 d5 3. e3 c5 4. c3 Nc6 5. Nd2 Bf5 6. Ngf3 e6 7. Be2 h6 8. O-O Bd6 9. dxc5 Bxc5 10. Nd4 Bh7 11. N2b3 Bd6 12. Bxd6 Qxd6 13. Nxc6 bxc6 14. c4 O-O 15. Rc1 a5 16. cxd5 cxd5 17. Nd4 a4 18. Rc6 Qb4 19. Qc1 Rab8 20. b3 axb3 21. axb3 e5 22. Nf3 Rfe8 23. Qa1 Qe7 24. Qb2 Be4 25. Rfc1 Rb7 26. h3 d4 27. R6c5 Bd5 28. exd4 Rxb3 29. Qc2 e4 30. Rxd5 Rxf3 31. Re5 Qd7 32. Rxe8+ Nxe8 33. gxf3 Qxh3 34. Qc8 1-0

[Event "European Blitz-ch 2018"]
[Site "Skopje"]
[Date "2018.12.07"]
[Round "19"]
[White "Stevic, Hrvoje"]
[Black "Jovanovic, Zoran"]
[Result "1/2-1/2"]
[WhiteElo "2587"]
[BlackElo "2518"]
[PlyCount "25"]
[EventDate "2018.12.06"]
[EventType "swiss"]
[EventCountry "MKD"]

1. Nf3 Nc6 2. d4 d6 3. e4 Nf6 4. Nc3 g6 5. Be2 Bg7 6. O-O O-O 7. h3 e5 8. dxe5 Nxe5 9. Nxe5 dxe5 10. Be3 c6 11. Qxd8 Rxd8 12. Rad1 Re8 13. a4 1/2-1/2

[Event "European Blitz-ch 2018"]
[Site "Skopje"]
[Date "2018.12.07"]
[Round "19"]
[White "Jankovic, Alojzije"]
[Black "Robulj, Nenad"]
[Result "1-0"]
[WhiteElo "2557"]
[BlackElo "2286"]
[Annotator "TA"]
[PlyCount "37"]
[EventDate "2018.12.06"]
[EventType "swiss"]
[EventCountry "MKD"]

1. d4 Nf6 2. Nf3 g6 3. g3 Bg7 4. Bg2 O-O 5. O-O d6 6. c4 Nbd7 7. Nc3 e5 8. e4 Re8 9. h3 a5 10. Be3 exd4 11. Nxd4 Nc5 12. Qc2 Qe7 13. Rfe1 Nfxe4 14. Nxe4 Nxe4 15. Bxe4 Qxe4 16. Bd2 Qxd4 17. Rxe8+ Bf8 18. Bh6 Bf5 19. Rxa8 1-0

[Event "European Blitz-ch 2018"]
[Site "Skopje"]
[Date "2018.12.07"]
[Round "19"]
[White "Kuljasevic, Davorin"]
[Black "Bartel, Michal"]
[Result "0-1"]
[WhiteElo "2556"]
[BlackElo "2306"]
[PlyCount "96"]
[EventDate "2018.12.06"]
[EventType "swiss"]
[EventCountry "MKD"]

1. d4 Nf6 2. c4 c5 3. d5 e6 4. Nc3 exd5 5. cxd5 d6 6. Nf3 g6 7. Nd2 Nbd7 8. e4 Bg7 9. Be2 O-O 10. O-O Re8 11. a4 Ne5 12. Qc2 g5 13. Ra3 a6 14. Re1 h6 15. Nf1 Ng6 16. Ng3 Nh4 17. Bd2 Bd7 18. Bf1 Rb8 19. a5 Ng4 20. Nd1 Bd4 21. Bc3 Qf6 22. Bxd4 cxd4 23. f3 Ne5 24. Qf2 Rbc8 25. Kh1 d3 26. Bxd3 Rc1 27. Bf1 Rec8 28. Rc3 Bb5 29. Rxc8+ Rxc8 30. Nc3 Bxf1 31. Rxf1 Nc4 32. Nce2 Qxb2 33. f4 Nd2 34. Re1 Qf6 35. Rd1 Nb3 36. e5 dxe5 37. Ne4 Qf5 38. Nd6 Qc2 39. Rf1 Nd2 40. fxe5 Rf8 41. Re1 Ne4 42. Nxe4 Qxe4 43. Nc3 Qb4 44. Qd2 Qxa5 45. d6 Ng6 46. Qd4 Rc8 47. d7 Rd8 48. Nd5 Qxe1+ 0-1

[Event "European Blitz-ch 2018"]
[Site "Skopje"]
[Date "2018.12.07"]
[Round "19"]
[White "Delchev, Aleksander"]
[Black "Warmerdam, Max"]
[Result "1/2-1/2"]
[WhiteElo "2552"]
[BlackElo "2433"]
[Annotator "TA"]
[PlyCount "155"]
[EventDate "2018.12.06"]
[EventType "swiss"]
[EventCountry "MKD"]

1. e4 e5 2. Nf3 Nc6 3. Bc4 Nf6 4. d3 h6 5. O-O d6 6. c3 g5 7. d4 g4 8. Nfd2 exd4 9. cxd4 Nxd4 10. Nb3 Nc6 11. Nc3 Ne5 12. Be2 Bg7 13. Be3 O-O 14. Qd2 Kh7 15. Rac1 a6 16. Qc2 Be6 17. Nd5 c6 18. Nb6 Rb8 19. Rfd1 Qe7 20. Nd4 Rbd8 21. Rd2 Nfd7 22. Nxd7 Bxd7 23. Rcd1 Qf6 24. Bf1 h5 25. Ne2 Bc8 26. Bb6 Rd7 27. Ng3 Bh6 28. Rd4 Bf4 29. Nf5 Ng6 30. g3 Be5 31. R4d3 Re8 32. Qd2 Nf8 33. Nxd6 Rxd6 34. Rxd6 Bxd6 35. Qxd6 Qxd6 36. Rxd6 Be6 37. b3 Nd7 38. Bd4 Rg8 39. Bd3 Rg5 40. Kf1 Ne5 41. Bxe5 Rxe5 42. Ke2 Kg7 43. Ke3 Kf6 44. Rd8 Ra5 45. Bb1 Rc5 46. Kd2 Ke5 47. Rb8 Rb5 48. Bd3 Ra5 49. Bb1 Rb5 50. Ke3 a5 51. Bd3 Rb4 52. Rh8 a4 53. Rxh5+ Kf6 54. Bc2 axb3 55. axb3 Bxb3 56. Bxb3 Rxb3+ 57. Kf4 Rf3+ 58. Kxg4 Rxf2 59. h4 Rc2 60. Rg5 b5 61. h5 b4 62. h6 b3 63. Rh5 b2 64. h7 b1=Q 65. h8=Q+ Ke7 66. Re5+ Kd6 67. Qf6+ Kc7 68. Qxf7+ Kb6 69. Qf3 Qb2 70. Re7 Rc3 71. Qd1 Qf2 72. Qd8+ Kc5 73. Qa5+ Kc4 74. Qa4+ Kd3 75. Qd1+ Kc4 76. Qd3+ Kxd3 77. Rd7+ Ke3 78. Rf7 1/2-1/2

[Event "European Blitz-ch 2018"]
[Site "Skopje"]
[Date "2018.12.07"]
[Round "19"]
[White "Dimitrov, Radoslav"]
[Black "Popov, Valerij"]
[Result "1-0"]
[WhiteElo "2534"]
[BlackElo "2532"]
[Annotator "TA"]
[PlyCount "71"]
[EventDate "2018.12.06"]
[EventType "swiss"]
[EventCountry "MKD"]

1. c4 e5 2. Nc3 Bb4 3. Nd5 Bc5 4. Nf3 c6 5. Nc3 d6 6. e3 Bb4 7. d4 e4 8. Nd2 Bxc3 9. bxc3 f5 10. g4 Nf6 11. g5 Nfd7 12. f4 c5 13. h4 O-O 14. Be2 Qa5 15. Nb3 Qc7 16. dxc5 Nxc5 17. h5 Be6 18. h6 g6 19. Nd4 Nc6 20. Nxe6 Nxe6 21. Qd5 Rfe8 22. Ba3 Rad8 23. Rd1 Qa5 24. Qxa5 Nxa5 25. Bxd6 Rc8 26. Be5 Re7 27. Bf6 Rec7 28. Be5 Re7 29. Bf6 Rec7 30. Rd6 Kf7 31. Kf2 Nc5 32. Rhd1 Nc6 33. Bd4 Ne6 34. c5 Ne7 35. Bc4 Rc6 36. Bxe6+ 1-0

[Event "European Blitz-ch 2018"]
[Site "Skopje"]
[Date "2018.12.07"]
[Round "19"]
[White "Rusev, Krasimir"]
[Black "Musovic, Armin"]
[Result "1-0"]
[WhiteElo "2520"]
[BlackElo "2301"]
[Annotator "TA"]
[PlyCount "61"]
[EventDate "2018.12.06"]
[EventType "swiss"]
[EventCountry "MKD"]

1. d4 d5 2. Bf4 c5 3. e3 cxd4 4. exd4 Nc6 5. c3 Qb6 6. Qb3 Qa5 7. Nd2 Nf6 8. Ngf3 g6 9. Ne5 a6 10. Bd3 Bg7 11. O-O O-O 12. Rfe1 Re8 13. h3 Nd7 14. Nef3 e6 15. Nf1 Qb6 16. Ng3 Qa5 17. h4 Nf8 18. h5 Qd8 19. a4 Na5 20. Qc2 Bd7 21. Ne5 Rc8 22. Ng4 g5 23. h6 gxf4 24. hxg7 fxg3 25. gxf8=Q+ Kxf8 26. fxg3 Qg5 27. Ne5 Re7 28. Rf1 Nc4 29. Bxc4 dxc4 30. Qxh7 Qg7 31. Ng6+ 1-0

[Event "European Blitz-ch 2018"]
[Site "Skopje"]
[Date "2018.12.07"]
[Round "19"]
[White "Potapov, Pavel"]
[Black "Pezelj, Novak"]
[Result "1-0"]
[WhiteElo "2516"]
[BlackElo "2475"]
[Annotator "RC"]
[PlyCount "81"]
[EventDate "2018.12.06"]
[EventType "swiss"]
[EventCountry "MKD"]

1. e4 g6 2. d4 Bg7 3. Nc3 d5 4. exd5 Nf6 5. Bc4 Nbd7 6. Bb3 Nb6 7. Nf3 a5 8. a4 Nfxd5 9. Nxd5 Nxd5 10. O-O O-O 11. c3 c6 12. Re1 Re8 13. h3 h6 14. Ne5 e6 15. Qf3 Qc7 16. Ng4 Kh7 17. Bxd5 cxd5 18. Bxh6 f5 19. Bxg7 fxg4 20. Be5 gxf3 21. Bxc7 fxg2 22. Kxg2 Bd7 23. Be5 Rf8 24. Kg3 b5 25. axb5 Bxb5 26. Bd6 Rfe8 27. h4 a4 28. Re5 Bd3 29. h5 Bf5 30. Rh1 gxh5 31. Rxh5+ Kg6 32. Rh1 Rh8 33. Ree1 Rag8 34. Kf4 Kf7 35. Ba3 Rg4+ 36. Ke5 Re4+ 37. Kd6 Rxh1 38. Rxh1 Re2 39. Rh2 Kf6 40. Kc6 Kg5 41. f4+ 1-0

[Event "European Blitz-ch 2018"]
[Site "Skopje"]
[Date "2018.12.07"]
[Round "19"]
[White "Nenezic, Marko"]
[Black "Zajic, Milan"]
[Result "0-1"]
[WhiteElo "2515"]
[BlackElo "2488"]
[Annotator "TA"]
[PlyCount "94"]
[EventDate "2018.12.06"]
[EventType "swiss"]
[EventCountry "MKD"]

1. Nf3 Nf6 2. g3 d5 3. Bg2 e6 4. O-O Be7 5. d3 O-O 6. Nbd2 c5 7. e4 Nc6 8. Re1 b5 9. a4 bxa4 10. e5 Nd7 11. Rxa4 a5 12. h4 Nb6 13. Ra1 a4 14. Nf1 Bd7 15. N1h2 Nd4 16. Nxd4 cxd4 17. Qg4 Kh8 18. Nf3 f5 19. Qf4 Rg8 20. Nxd4 Rc8 21. c3 a3 22. Qd2 Na4 23. Ne2 axb2 24. Bxb2 Nc5 25. Qc2 Bb5 26. Red1 Qd7 27. Qb1 Ba4 28. Re1 Bb5 29. Rd1 Ba4 30. Re1 Bb5 31. Nf4 g5 32. hxg5 Bxg5 33. c4 dxc4 34. dxc4 Bxc4 35. Rd1 Qe7 36. Bc1 Nb3 37. Ba3 Qf7 38. Nh3 Nxa1 39. Qxa1 Bh6 40. Bd6 f4 41. Qd4 fxg3 42. f4 Be2 43. Re1 Bg4 44. Rf1 Rc2 45. Ng5 Bxg5 46. fxg5 Rxg2+ 47. Kxg2 Bh3+ 0-1

[Event "European Blitz-ch 2018"]
[Site "Skopje"]
[Date "2018.12.07"]
[Round "19"]
[White "Ivic, Velimir"]
[Black "Milanovic, Danilo"]
[Result "0-1"]
[WhiteElo "2497"]
[BlackElo "2494"]
[Annotator "TA"]
[PlyCount "86"]
[EventDate "2018.12.06"]
[EventType "swiss"]
[EventCountry "MKD"]

1. e4 d5 2. exd5 Qxd5 3. Nc3 Qd6 4. d4 Nf6 5. Nf3 c6 6. Ne5 Be6 7. Bf4 Qd8 8. Qd2 g6 9. O-O-O Nbd7 10. f3 Bg7 11. g4 O-O 12. Nxd7 Qxd7 13. Bh6 Rfd8 14. h4 Bh8 15. h5 b5 16. hxg6 fxg6 17. Qh2 b4 18. Na4 Bd5 19. Nc5 Qe8 20. Be2 Qf7 21. Bf4 a5 22. Be5 a4 23. Bd3 Bxa2 24. f4 Bd5 25. f5 g5 26. Rhe1 a3 27. bxa3 bxa3 28. Ne6 a2 29. Kd2 Nxg4 30. Qg3 Bxe6 31. Qxg4 Bxe5 32. Rxe5 Bd5 33. Qxg5+ Kf8 34. Qh6+ Qg7 35. Qxg7+ Kxg7 36. Rxe7+ Kf6 37. Ree1 h5 38. c4 Bf3 39. Ra1 Rxd4 40. Kc3 c5 41. Re3 Bg4 42. Re6+ Kf7 43. Rc6 Ra3+ 0-1